000 00727nam a22001817a 4500
999 _c13205
_d13205
003 AR-CdUCM
008 190411b ||||| |||| 00| 0 spa d
040 _aMUNICIPALIDAD PROVINCIAL DEL CUSCO
_cBIBLIOTECA MUNICIPAL DEL CUSCO
082 _aC / 923.7
_bM13
100 _aMachaca Chambi, Pedro
_931462
245 _aEncinas :
_bMaestro progresista y hombre de izquierda /
260 _aCusco :
_bPrelatura de Sicuani,
_c1980.
300 _a294 páginas ;
_c21 cm.
505 _aSemblanza del maestro Jose Antonio Encinas -- La doctrina de las reformas de Encinas -- Las experiencias y los resultados obtenidos en el 881 de Puno...
650 _aJose Antonio Encinas.
_931463
942 _2ddc
_cLIBROS
945 _awfj
_d2019-04-11